02188nam a2200361 i 4500003000400000005001700004007000300021008004100024020001800065040003300083041001300116082001300129100004200142245006100184250007000245264002600315300002500341336002700366337003300393338002800426490002400454500081700478505002001295520005401315534006601369545008801435600008701523650004801610650004901658650004501707650004401752650003001796OSt20220613114322.0ta210726r20152020ck j 000 jdspa  a9788494362842 aCO-MqBPBbspaerdacCO-MqBPB1 aspaheng aANbDOYs1 aDoyle, Arthur Conand1859-1930eautor10aSherlock Holmes : Sus mejores casos.cArthur Conan Doyle aPrimera impresiónbSexta reimpresión, Séptima reimpresión 1aMadrid:aBiblokc2020 a382 páginasc19 cm atextobtxt2rdacontent asin mediaciónbn2rdamedia avolumenbnc2rdacarrier aColección selecta aSHERLOCK HOLMES: SUS MEJORES CASOS Colección selecta Una vez que se descarta lo imposible, lo que queda es la verdad por improbable que parezca. Con este método tan sencillo como eficaz, Sherlock Holmes, el detective más famoso de la historia de la literatura, con su pipa en ristre y acompañado de su inseparable amigo, el doctor Watson, se enfrenta a los misterios más insólitos, a las aventuras más peligrosas, a los casos más extraños. Esta cuidada antología incluye los mejores relatos salidos de la pluma del creador del detective, Arthur Conan Doyle, ordenados según la biografía de Holmes, desde algunos de sus primeros casos de juventud, en los que su método deductivo lo enfrenta constantemente con la policía, hasta su despedida de la vida pública y su último saludo.00tSherlock Holmes aRecomendado para un público mayor de 12 años tThe adventures of Sherlock Holmes. Memoirs of Sherlock Holmes aIncluye datos biográficos del autor, prologuista y traductora al inicio del texto14aDoyle, Arthur ConancSird1859-1930tSherlock HolmesxCrítica e interpretación17aCuentos juveniles inglesesySiglo XIX2LEMB17aLiteratura juvenil inglesa ySiglo XIX2LEMB17aCuentos policíacosvColecciones 2LEMB17aInvestigación criminalvCuentos2LEMB17aDetectivesvCuentos2LEMB